| 000 | 00356nam a2200145Ia 4500 | ||
|---|---|---|---|
| 008 | 220803s9999 xx 000 0 und d | ||
| 041 | _aeng | ||
| 082 | _a729 VGH | ||
| 100 |
_aVGH Pub. _910205 |
||
| 245 | _aIKEA : 1993 | ||
| 260 |
_aNew Delhi _bVerlag Christel Schmidt _c1994 |
||
| 300 | _a326p | ||
| 500 | _aArchitecture | ||
| 650 |
_aInterior Design _910206 |
||
| 999 |
_c8842 _d8842 |
||